000 01252nam2a2200205 4500
001 RU\NLR\BIBL_A\022148360
005 20250625141428.0
035 _a(NLR Aleph) 022148360
090 _a12885632
_c12885632
100 _a20240222d2023 |||y0rusy50 ca
101 0 _arus
102 _aRU
200 0 _aТ. 14, № 3 (40)
210 _d2023
_aБ. м.
461 0 _1001RU\NLR\BIBL_A\022119337
_12001#$aВестник Университета мировых цивилизаций$eнаучный журнал$fУн-т мировых цивилизаций им. В.В. Жириновского$vТ. 14, № 3 (40)
_912802328
_aУниверситет мировых цивилизаций им. В. В. Жириновского (Москва)
_cМосква
_d2023 -
_fУн-т мировых цивилизаций им. В.В. Жириновского
_nАвтономная некоммерческая организация высшего образования "Университет мировых цивилизаций"
_oнаучный журнал
_tВестник Университета мировых цивилизаций
_x2949-4788
_vТ. 14, № 3 (40)
852 _aNLR
_jП29/2061
942 _cISSUE
980 _aNB
980 _aRUSPER